Capitals Without the Letters of “Havana” - Statistics

General Stats
  • This quiz has been taken 7 times
  • The average score is 5 of 19
Answer Stats
Continents Capitals % Correct
North America Mexico City
60%
Asia Tokyo
60%
Europe Brussels
40%
Europe Luxembourg
40%
Europe Oslo
40%
Europe Rome
40%
South America Sucre
40%
Africa Tripoli
40%
Africa Djibouti
20%
Africa Lomé
20%
Europe Moscow
20%
South America Quito
20%
Asia Tbilisi
20%
Asia Beirut
0%
Asia Dili
0%
Africa Port Louis
0%
Oceania Port Moresby
0%
Asia Seoul
0%
Europe Skopje
0%
No matching quizzes found
Score Distribution
Percent of People with Each Score
Percentile by Number Answered
Your Score History
You have not taken this quiz